书目信息 |
| 题名: |
微分学
|
|
| 作者: | H.H.鲁金 著 ;张理京 译 | |
| 分册: | ||
| 出版信息: | 北京 人民教育出版社 1951 |
|
| 页数: | 472页 | |
| 开本: | 20cm | |
| 丛书名: | ||
| 单 册: | ||
| 中图分类: | O172.1 | |
| 科图分类: | ||
| 主题词: | 数学分析 | |
| 电子资源: | ||
| ISBN: | ||
| 000 | 00636nam0 2200229 450 | |
| 001 | 0761632907 | |
| 005 | 20070926170839.04 | |
| 010 | @dCNY1.40 | |
| 091 | @a13010.228 | |
| 100 | @a20070926d1951 km y0chiy0120 ea | |
| 101 | 0 | @achi |
| 102 | @aCN@b110000 | |
| 200 | 1 | @a微分学@Awei fen xue@fH.H.鲁金著@FH.H.lu jin zhu@g张理京等译@Gzhang li jing deng yi |
| 210 | @a北京@c人民教育出版社@d1951 | |
| 215 | @a472页@d20cm | |
| 300 | @a高等学校教学用书 | |
| 606 | 0 | @a数学分析 |
| 690 | @aO172.1@v3 | |
| 701 | 0 | @aH.H.鲁金@AH.H.lu jin@4著 |
| 702 | 0 | @a张理京@Azhang li jing@4译 |
| 801 | 0 | @aCN@bPFT@c20070926 |
| 905 | @a10447@dO172.1@e88:1 | |
| 微分学/H.H.鲁金著/张理京等译.-北京:人民教育出版社,1951 |
| 472页;20cm |
| 高等学校教学用书 |
| ISBN :CNY1.40 |
| ● |
| 相关链接 |
|
|
|
|
正题名:微分学
索取号:O172.1/88:1
 
预约/预借
| 序号 | 登录号 | 条形码 | 馆藏地/架位号 | 状态 | 备注 |
| 1 | 0609342 | 206093421 | 第二样本阅览室/ [索取号:O172.1/88:1] | 在馆 |